Psicología educativa /

Uloženo v:
Podrobná bibliografie
Hlavní autor: Sánchez Hidalgo, Efraín (autor)
Médium: Kniha
Jazyk:španělština
Vydáno: San Juan, Puerto Rico : Universidad de Puerto Rico, 1982, c1982
Vydání:9a edición
Témata:
Tagy: Přidat tag
Žádné tagy, Buďte první, kdo vytvoří štítek k tomuto záznamu!

MARC

LEADER 00000nam^a2200000^a^4500
001 000318885
005 20250521000000.0
009 20260310113425.896
020 |a 0-8477-2720-3 
020 |a 0-8477-2738-6 
037 |a Acervo ITESO - Biblioteca 
041 |a ESP 
082 |a 370. 15  |b SAN 
100 |a Sánchez Hidalgo, Efraín  |e (autor) 
245 1 0 |a Psicología educativa /  |c E. Sánchez Hidalgo ; pról. de Alfredo Silva. 
250 |a 9a edición  |b revisada 
264 4 |a San Juan, Puerto Rico :  |b Universidad de Puerto Rico,  |c 1982, c1982 
300 |a 586 p. 
336 |a texto  |b txt  |2 rdacontenido 
337 |a sin mediación  |b n  |2 rdamedio 
338 |a volumen  |b nc  |2 rdasoporte 
649 |a XX 
650 |a Aprendizaje 
650 |a Desarrollo Cognoscitivo 
650 |a Psicología Educativa -  |x Tema Principal 
650 |a Psicología -  |x Historia 
650 |a Psicología Evolutiva 
910 |a Fondo General 
920 |a Impresos - Libros 
930 |a Colección General 
905 |a 101 
901 |a 0500205874  |b IT1  |c ACC  |i D57621  |u 20250521 
902 |a https://opac.biblio.iteso.mx/vufind/Record/000318885